mysqli: Table './ulib62015/stat_globaluid' is marked as crashed and should be repaired
select id from stat_globaluid where statuid='20260518024955_724'
mysqli: Table './ulib62015/stat_globaluid' is marked as crashed and should be repaired
DELETE FROM stat_globaluid
WHERE id NOT IN (
SELECT id
FROM (
SELECT id
FROM stat_globaluid
ORDER BY id DESC
LIMIT 100
) foo
);
mysqli: Table './ulib62015/stat_globaluid' is marked as crashed and should be repaired
insert into stat_globaluid set
statuid='20260518024955_724',
dt='1779047395',
phpself='/ULIB62015/dublinfull.php',
agent='Mozilla/5.0 AppleWebKit/537.36 (KHTML, like Gecko; compatible; ClaudeBot/1.0; +claudebot@anthropic.com)',
yea='2026',
mon='5',
dat='18',
ip='216.73.216.45'
mysqli: Table './ulib62015/stathist_viewbib_bib_type' is marked as crashed and should be repaired
insert into stathist_viewbib_bib_type set
dat='18' ,
mon='05' ,
yea='2026' ,
statuid='20260518024955_724' ,
head='13399108145' ,
foot='marc' ,
dt='1779047395'
| LEADER : 00000nam 2200000uu 4500 |
| 008 110922s||||||||th 000 0 tha d |
| 020 9786167299372
|
| 060 4 WB105^bว896ช 2553
|
| 245 00 เวชศาสตร์ฉุกเฉิน /^cบรรณาธิการ สมเกียรติ วัฒนศิริชัยกุล,ดุจเดือน สีละมาด, กานดิษฎ์ ประยงค์รัตน์
|
| 246 14 ตำราเวชศาสตร์ฉุกเฉิน =^bTextbook of emergency medicine
|
| 246 31 Textbook of emergency medicine
|
| 250 พิมพ์ครั้งที่ 3
|
| 260 กรุงเทพฯ :^bโครงการตำรา คณะแพทยศาสตร์มหาวิทยาลัยศรีนครินทรวิโรฒ,^c2553
|
| 300 1142 , [6] หน้า :^bภาพประกอบ
|
| 650 7 โรค^xการป้องกันและควบคุม
|
| 650 7 เวชศาสตร์ฉุกเฉิน
|
| 650 7 ภาวะฉุกเฉิน
|
| 650 7 ผู้ป่วยหนัก, การดูแล
|
| 650 7 การดูแลขั้นวิกฤต
|
| 700 0 สมเกียรติ วัฒนศิริชัยกุล,^eบรรณาธิการ
|
| 700 0 ดุจเดือน สีละมาด ,^eบรรณาธิการ
|
| 700 0 กานดิษฎ์ ประยงค์รัตน์,^eบรรณาธิการ
|
| 710 2 มหาวิทยาลัยศรีนครินทรวิโรฒ.^bคณะแพทยศาสตร์.^bโครงการตำรา
|
| 945 ^p750^l0^i016025
|
| 945 ^p0^l0^i016026
|
| 945 ^p0^l0^i016027 |
| 999 ^aยมมะณา จันทร์ฉิม
|
| คุณยังไม่ได้ล็อกอิน คุณสามารถมีกิจกรรมร่วมกับเว็บไซต์ได้ แต่ต้องล็อกอินก่อน :: |
|
|
|
| ลำดับที่ |
ประเภท |
เลขเรียก/บาร์โค้ด |
สถานที่ |
สถานะ |
| 1. |
 หนังสือ | WB105 ว896ช 2553 ฉ.1 Barcode: 016025 | หนังสือทั่วไป | บนชั้น ขอยืม |
| 2. |
 หนังสือ | WB105 ว896ช 2553 ฉ.2 Barcode: 016026 | หนังสือทั่วไป | บนชั้น ขอยืม |
| 3. |
 หนังสือ | WB105 ว896ช 2553 ฉ.3 Barcode: 016027 | หนังสือทั่วไป | บนชั้น ขอยืม |
รายการใกล้เคียง
หัวเรื่อง [เวชศาสตร์ฉุกเฉิน] หัวเรื่อง [ภาวะฉุกเฉิน] หัวเรื่อง [ผู้ป่วยหนัก, การดูแล] หัวเรื่อง [การดูแลขั้นวิกฤต]
|
|
ยังไม่เคยถูกคอมเมนท์
|
| คอมเมนท์ทรัพยากรรายการนี้ |
|